000 01018cam a2200253 4500
001 WB3702-25
008 000000n2001 000 0 eng u
035 _a(Sirsi) u110320
245 _aNo place for SRB
260 _c2001
490 _aUrban Environment Today
_v(112) 4 January 2001, 1(1)
520 _aDETR grant allocations for the 9 Regional Development Agencies (RDAs) for 2001-2002 include a £450m funding increase, but do not include allocation for new economic and social projects previously funded by the demised Single Regeneration Budget (SRB). The new funds are to be channelled into land and property, skills development, and regional innovation programmes, and new DETR guidance is to be published early February.
590 _aWB
650 _aGRANTS
650 _aDETR
650 _aFUNDING
650 _aSINGLE REGENERATION BUDGET
650 _aSRB
650 _aREGIONAL DEVELOPMENT AGENCIES
650 _aRDAS
650 _aDEVELOPMENT
690 _aREGENERATION
942 _n0
999 _c65790
_d65790